<?xml version="1.0" encoding="UTF-8"?><?xml-stylesheet type="text/xsl" href="static/style.xsl"?><OAI-PMH xmlns="http://www.openarchives.org/OAI/2.0/" xmlns:xsi="http://www.w3.org/2001/XMLSchema-instance" xsi:schemaLocation="http://www.openarchives.org/OAI/2.0/ http://www.openarchives.org/OAI/2.0/OAI-PMH.xsd"><responseDate>2026-06-05T15:50:30Z</responseDate><request verb="GetRecord" identifier="oai:riuma.uma.es:10630/29509" metadataPrefix="marc">https://riuma.uma.es/rest/oai/request</request><GetRecord><record><header><identifier>oai:riuma.uma.es:10630/29509</identifier><datestamp>2026-02-03T10:48:47Z</datestamp><setSpec>com_10630_2254</setSpec><setSpec>col_10630_37953</setSpec></header><metadata><record xmlns="http://www.loc.gov/MARC21/slim" xmlns:dcterms="http://purl.org/dc/terms/" xmlns:doc="http://www.lyncode.com/xoai" xmlns:xsi="http://www.w3.org/2001/XMLSchema-instance" xsi:schemaLocation="http://www.loc.gov/MARC21/slim http://www.loc.gov/standards/marcxml/schema/MARC21slim.xsd">
   <leader>00925njm 22002777a 4500</leader>
   <datafield ind2=" " ind1=" " tag="042">
      <subfield code="a">dc</subfield>
   </datafield>
   <datafield ind2=" " ind1=" " tag="720">
      <subfield code="a">Ortego-Rico, Pablo</subfield>
      <subfield code="e">author</subfield>
   </datafield>
   <datafield ind2=" " ind1=" " tag="260">
      <subfield code="c">2023</subfield>
   </datafield>
   <datafield ind2=" " ind1=" " tag="520">
      <subfield code="a">Las cuentas del tesorero de Isabel I de Castilla Ruy López de Toledo correspondientes a 1480 proporcionan informaciones muy precisas sobre el gasto suntuario, la vida cotidiana de la reina, y los pagos realizados en la corte castellana aquel año. El objetivo de este trabajo pasa por dar a conocer por primera vez de forma global el contenido de estos registros contables inéditos. Estas noticias se refieren a un año tan relevante en la vida de la reina como 1480, marcado por el fin de la guerra contra Portugal, y la apoteosis de una monarquía triunfante y restaurada que se deseaba proyectar a partir del despliegue ceremonial y de los acontecimientos políticos que tuvieron lugar, especialmente durante la estancia de la corte en Toledo.</subfield>
   </datafield>
   <datafield ind1="8" ind2=" " tag="024">
      <subfield code="a">Ortego Rico, Pablo (2023), 1480: Un año en la corte de Isabel I de Castilla, en En la España Medieval, 46, Núm. especial, 253-287.</subfield>
   </datafield>
   <datafield ind1="8" ind2=" " tag="024">
      <subfield code="a">https://hdl.handle.net/10630/29509</subfield>
   </datafield>
   <datafield ind1="8" ind2=" " tag="024">
      <subfield code="a">10.5209/elem.88021</subfield>
   </datafield>
   <datafield tag="653" ind2=" " ind1=" ">
      <subfield code="a">Isabel I Reina de España - 1480</subfield>
   </datafield>
   <datafield ind2="0" ind1="0" tag="245">
      <subfield code="a">1480: un año en la corte de Isabel I de Castilla</subfield>
   </datafield>
</record>
</metadata></record></GetRecord></OAI-PMH>